000 00997nam a22003137a 4500
003 CHAP
005 20220817041616.0
008 971013s1985 r 00010 d
010 _a19596
011 _a20568
035 _a24656
040 _cCHAP
082 _a635.21
_bC43
110 _aCentro Internacional de la Papa
245 _aInnovative methods for propagating potatoes
_b: report of the XXVIII planning conference...
260 _aLima :
_bCIP,
_c1985
300 _a342 p.
_b: ilus. ; gráfs.
590 _aBATCH-UPD
_b10
_c20130110
_lUCH01
_h1326
590 _aBATCH-UPD
_b10
_c20130410
_lUCH01
_h0833
590 _aBATCH-UPD
_b10
_c20130914
_lUCH01
_h1858
590 _aCONVERSION
_b10
_c20130109
_lUCH01
_h1312
650 1 4 _aPapa
_xHíbridos.
_985249
650 1 4 _aPapa
_xMejoramiento.
_985259
650 1 4 _aPapa
_xPropagación.
_985279
650 1 4 _aPapa
_xSemilla.
_985288
901 _aBK
942 _cLIBRO
949 _a635.21 C43
_bBC
_cLIBRO
_d33724000250676
_eLIBRO
_h71210
_i24656
_si
999 _c19596
_d19596